Aquaculture genetics, reproduction and nutrition / (Record no. 2532)

MARC details
000 -LEADER
fixed length control field 00730nam a22002297a 4500
005 - DATE AND TIME OF LATEST TRANSACTION
control field 20260304074944.0
008 - FIXED-LENGTH DATA ELEMENTS--GENERAL INFORMATION
fixed length control field 260225b |||||||| |||| 00| 0 eng d
020 ## - INTERNATIONAL STANDARD BOOK NUMBER
International Standard Book Number 978-93-92333-03-3
082 ## - DEWEY DECIMAL CLASSIFICATION NUMBER
Classification number 639.8 Up65 2023
100 ## - MAIN ENTRY--PERSONAL NAME
Personal name Upadhyay, Sushil Kumar
9 (RLIN) 307
245 ## - TITLE STATEMENT
Title Aquaculture genetics, reproduction and nutrition /
Statement of responsibility, etc. Sushil Kumar Upadhyay, Sanjay S. Nanware
250 ## - EDITION STATEMENT
Edition statement 1st ed.
260 ## - PUBLICATION, DISTRIBUTION, ETC.
Place of publication, distribution, etc. New Delhi, IN:
Name of publisher, distributor, etc. Paradise Press,
Date of publication, distribution, etc. c2023
300 ## - PHYSICAL DESCRIPTION
Extent viii, 286p.:
Other physical details ill.
504 ## - BIBLIOGRAPHY, ETC. NOTE
Bibliography, etc. note Includes index
541 ## - IMMEDIATE SOURCE OF ACQUISITION NOTE
Accession number 7938 c.1
650 ## - SUBJECT ADDED ENTRY--TOPICAL TERM
Topical term or geographic name entry element Aquaculture
9 (RLIN) 308
650 ## - SUBJECT ADDED ENTRY--TOPICAL TERM
Topical term or geographic name entry element Aquacultural engineering
9 (RLIN) 309
650 ## - SUBJECT ADDED ENTRY--TOPICAL TERM
Topical term or geographic name entry element Fishes - Genetics
9 (RLIN) 310
650 ## - SUBJECT ADDED ENTRY--TOPICAL TERM
Topical term or geographic name entry element Fishes - Nutrition
9 (RLIN) 311
700 ## - ADDED ENTRY--PERSONAL NAME
Personal name Nanware, Sanjay S.
Relator term author
9 (RLIN) 312
Holdings
Withdrawn status Lost status Source of classification or shelving scheme Damaged status Not for loan Home library Current library Date acquired Total Checkouts Full call number Barcode Date last seen Copy number Price effective from Koha item type
    Dewey Decimal Classification     ctu-moalboal ctu-moalboal 06/20/2024   639.8 Up65 2023 7938 02/25/2026 1 02/25/2026 Books-Reference